Szczegóły MARC21

Analiza gatunków prasowych : podręcznik dla studentów dziennikarstwa i kierunków pokrewnych /

003 -Nazwa inst., której nr kontr. jest w polu 001 [,]
    • @
    • Nazwa instytucji, której n kontrolny jest w polu 001
    • NUKAT
005 -DATA I CZAS OSTATNIEJ MODYFIKACJI [,]
    • @
    • pole kontrolne
    • 20241231094701.0
020 -Międzynarod. znormalizowany nr książki - ISBN [ , ]
    • a
    • Numer ISBN
    • 9788322728802 Find
040 -Instytucja sporządzająca opis [ , ]
    • a
    • Instytucja, która sporządziła opis (NP)
    • LUBL U/MSZ
    • c
    • Instytucja, która sporządziła rekord (NP)
    • LUBL U/MSZ
    • d
    • Instytucja, która zmodyfikowała rekord (P)
    • LUBL U/EM
    • d
    • Instytucja, która zmodyfikowała rekord (P)
    • WA U/98MAPs
    • d
    • Instytucja, która zmodyfikowała rekord (P)
    • POZN U/JŁs
942 -Rodzaj dokumentu [ , ]
    • c
    • Rodzaj dokumentu
    • Książka
100 -Hasło główne - nazwa osobowa [1, ]
    • a
    • Nazwa osobowa (NP)
    • Wojtak, Maria
    • d
    • Daty biograficzne (NP)
    • (1952- ).
    • 9
    • KHW
    • 43129
245 -Strefa tytułu i oznaczenia odpowiedzialności [1,0]
    • a
    • Tytuł
    • Analiza gatunków prasowych : Find
    • b
    • Ciąg dalszy tytułu (NP)
    • podręcznik dla studentów dziennikarstwa i kierunków pokrewnych / Find
    • c
    • Pozostałe elementy strefy tytułu i oznaczenia odpowiedzialności (NP)
    • Maria Wojtak.
260 -Strefa adresu wydawniczego [ , ]
    • a
    • Miejsce wydania (P)
    • Lublin :
    • b
    • Nazwa wydawcy (P)
    • Wydawnictwo Uniwersytetu Marii Curie-Skłodowskiej,
    • c
    • Data wydania (P)
    • 2008.
300 -Strefa opisu fizycznego [ , ]
    • a
    • Określenie formy książki i/lub objętość (NP)
    • 171 s. ;
    • c
    • Format (NP)
    • 24 cm.
336 -Typ zawartości [ , ]
    • a
    • Termin opisujący typ zawartości
    • Tekst
    • b
    • Kod określający zawartość
    • txt
    • 2
    • Źródło (terminu i kodu)
    • rdacontent
337 -Typ mediów [ , ]
    • a
    • Tryb odtwarzania
    • Bez urządzenia pośredniczącego
    • b
    • Kod typu mediów
    • n
    • 2
    • Źródło (terminu i kodu)
    • rdamedia
338 -Typ/rodzaj nośnika [ , ]
    • a
    • Hasło opisujące typ nośnika
    • Wolumin
    • b
    • Kod typu nośnika
    • nc
    • 2
    • Źródło (terminu i kodu)
    • rdacarrier
504 -Uwaga dot. bibliogr. załącznikowej [ , ]
    • a
    • Uwaga dot. bibliografii załącznikowej
    • Bibliogr. s. 166-167.
080 -Uniwersalna Klasyfikacja Dziesiętna [ , ]
    • 2
    • Identyfikator wydania tablic
    • UDC-P058
    • a
    • Symbol klasyfikacji
    • 050+070
    • b
    • Dopowiedzenie
    • Prasoznawstwo. Czasopiśmiennictwo. Rodzaje czasopism. Redagowanie, wydawanie i kolportaż czasopism i prasy. Dziennikarstwo. Znaczenie prasy. Wolność prasy.
    • x
    • Poddział wspólny
    • (075.8)
    • b
    • Dopowiedzenie
    • (Podręczniki dla szkół wyższych. Skrypty).
080 -Uniwersalna Klasyfikacja Dziesiętna [ , ]
    • 2
    • Identyfikator wydania tablic
    • UDC-P058
    • a
    • Symbol klasyfikacji
    • 82-1/-9
    • b
    • Dopowiedzenie
    • Rodzaje i gatunki literackie.
    • x
    • Poddział wspólny
    • (075.8)
    • b
    • Dopowiedzenie
    • (Podręczniki dla szkół wyższych. Skrypty).
650 -Hasło przedmiotowe [ ,7]
    • a
    • Hasło przedmiotowe
    • Prasoznawstwo
    • v
    • Określnik formalny
    • podręczniki akademickie.
    • 2
    • Źródło terminu
    • kaba
    • 9
    • KHW
    • 353999
650 -Hasło przedmiotowe [ ,7]
    • a
    • Hasło przedmiotowe
    • Dziennikarstwo
    • v
    • Określnik formalny
    • podręczniki akademickie.
    • 2
    • Źródło terminu
    • kaba
    • 9
    • KHW
    • 354000
650 -Hasło przedmiotowe [ ,7]
    • a
    • Hasło przedmiotowe
    • Rodzaje i gatunki literackie
    • v
    • Określnik formalny
    • podręczniki akademickie.
    • 2
    • Źródło terminu
    • kaba
    • 9
    • KHW
    • 355422
980 -Symbol UKD [ , ]
    • a
    • UKD
    • 050+070:82-1/-9](075.8)
710 -Hasło dodatkowe - nazwa ciała zbiorowego [2, ]
    • a
    • Nazwa ciała zbiorowego lub nazwa geograficzna jako pierwszy element (NP)
    • Uniwersytet Marii Curie-Skłodowskiej (Lublin).
    • b
    • Nazwa jednostki podrzędnej (P)
    • Wydawnictwo.
    • 4
    • Kod relacji
    • pbl
    • 9
    • KHW
    • 51608
920 -ISBN [ , ]
    • a
    • ISBN
    • 978-83-227-2880-2 Find
Lokalizacja Status udost. Sygnatura Data inwentaryzacji Numer inwentarzowy
BG-3 2009-04-23WM.9555
BG-3 2009-04-23WM.9556
BG-3 2009-04-23WM.9557
BG2 2009-04-23WM.9558
BG2 2009-04-23WM.9559
BG1 2009-04-23Z.112915
BM1POL. Dziennikarstwo 082009-07-10P.21682